banner-ar

HISTOIRE MILITAIRE DE LA FRANCE: SOUS LA DIRECTION D'ANDRE CARVISIER / (Record no. 14915)

MARC details
000 -الفاتح
حقل البيانات ثابتة الطول 00752nam a2200241Ia 4500
008 - عناصر البيانات ثابتة الطول - معلومات عامة
حقل البيانات ثابتة الطول 140319s9999 xx 000 0 eng d
040 ## - مصدر الفهرسة
وكالة الفهرسة الأصلية GCL /
وكالة النسخ GCL
082 04 - رقم تصنيف ديوى العشرى
رقم التصنيف 355.00944
رقم المادة B H
100 1# - المدخل الرئيسى - إسم شخصى
الإسم الشخصى CHAGNIOT, JEAN
245 10 - بيان العنوان
العنوان HISTOIRE MILITAIRE DE LA FRANCE: SOUS LA DIRECTION D'ANDRE CARVISIER /
بيان المسئوليه,etc CHAGNIOT, JEAN
700 1# - المدخل الاضافى - اسم شخصى
الإسم الشخصى MEYER, JEAN
700 1# - المدخل الاضافى - اسم شخصى
الإسم الشخصى BLANCHARD, ANNE
700 1# - المدخل الاضافى - اسم شخصى
الإسم الشخصى MOLLAT, MICHEL
700 1# - المدخل الاضافى - اسم شخصى
الإسم الشخصى BODINIER, GILBERT
260 ## - PUBLICATION, DISTRIBUTION, ETC. (IMPRINT)
تاريخ النشر أو التوزيع 1992
650 04 - المدخل الاضافى بالموضوع-مصطلح موضوعى
مصطلح موضوعي MILITARY HISTORY - 18 TH CENTURY
650 04 - المدخل الاضافى بالموضوع-مصطلح موضوعى
مصطلح موضوعي MILITARY HISTORY - 19 TH CENTURY
650 04 - المدخل الاضافى بالموضوع-مصطلح موضوعى
مصطلح موضوعي MILITARY HISTORY - 20 TH CENTURY
650 04 - المدخل الاضافى بالموضوع-مصطلح موضوعى
مصطلح موضوعي MILITARISM - FRANCE
650 04 - المدخل الاضافى بالموضوع-مصطلح موضوعى
مصطلح موضوعي MILITARY SCIENCE
942 ## - عناصر المدخل الإضافي( كوها)
مصدر التصنيف او مخطط الترفيف Dewey Decimal Classification
Koha [default] item type كتاب
260 ## - PUBLICATION, DISTRIBUTION, ETC. (IMPRINT)
-- [S.N] :
-- PRESSES UNIVERSITAIRES DE FRANCE ،
Holdings
حالة التراجع حالة الفقد حالة تلف ليس للاعارة المكان المؤقت الموقع الحالى تاريخ الاكتساب اجمالي اﻻعارات رقم الطلب الباركود تاريخ اخر مشاهدة تاريخ تفعيل السعر نوع وعاء كوها
        مكتبة القاهرة الكبرى مكتبة القاهرة الكبرى 03/26/2014   355.00944\B H 27856 03/26/2014 03/26/2014 كتاب
        مكتبة القاهرة الكبرى مكتبة القاهرة الكبرى 03/26/2014   355.00944\B H 27857 03/26/2014 03/26/2014 كتاب
        مكتبة القاهرة الكبرى مكتبة القاهرة الكبرى 03/26/2014   355.00944\B H 27858 03/26/2014 03/26/2014 كتاب
        مكتبة القاهرة الكبرى مكتبة القاهرة الكبرى 03/26/2014   355.00944\B H 27859 03/26/2014 03/26/2014 كتاب

Powered By

EGPV